000 00715nam a22002297a 4500
003 0
005 20251009154830.0
008 251009b xxu||||| |||| 00| 0 eng d
020 _a978-0-357-98641-7
050 _aHF 5549
_b.M45 2025
100 _aMello, Jeffrey A.,
_eauthor.
245 _aStrategic human resource management /
_cJeffrey A. Mello.
250 _aSixth edition.
260 _aMason, OH :
_bCengage,
_c2025.
300 _aix, 246 pages :
_bcolored illustrations ;
_c28 cm.
504 _aIncludes bibliographical references and index.
650 _aPersonnel management.
650 _aHuman capital.
650 _aStrategic planning.
650 _aHuman resource management.
942 _2lcc
_cBK
999 _c368213
_d368213